[Event "Young Stars of the World 2012"]
[Site "Kirishi RUS"]
[Date "2012.05.23"]
[Round "11.4"]
[White "Sanal, Vahap"]
[Black "Oparin, Grigoriy"]
[Result "0-1"]
[WhiteElo "2277"]
[BlackElo "2494"]
[PlyCount "118"]
[EventDate "2012.05.12"]
[EventType "tourn"]
[EventRounds "11"]
[EventCountry "RUS"]
[EventCategory "6"]
[Source "lmi"]
[SourceDate "2012.05.12"]

1. e4 c5 2. Nf3 d6 3. d4 cxd4 4. Nxd4 Nf6 5. Nc3 Nc6 6. Bg5 e6 7. Qd2 a6 8.
O-O-O Bd7 9. f4 b5 10. Nxc6 Bxc6 11. Qe1 Be7 12. e5 Nd5 13. Bxe7 Qxe7 14. Nxd5
Bxd5 15. f5 dxe5 16. Qxe5 Qg5+ 17. Kb1 Rd8 18. Bd3 O-O 19. Rhf1 f6 20. Qc7 Kh8
21. b3 e5 22. Rf2 Ba8 23. g3 Qe3 24. Re2 Qd4 25. Ree1 Rc8 26. Qa5 Qc5 27. Qd2
Rfd8 28. Qe2 Rd4 29. Qe3 b4 30. Qc1 a5 31. Ba6 Rcd8 32. Bc4 a4 33. Rd3 a3 34.
Qe3 e4 35. Rxd4 Rxd4 36. Kc1 h6 37. Re2 Bd5 38. Bxd5 Qxd5 39. Re1 Qe5 40. Qf4
Qc5 41. Qe3 Qd6 42. g4 Qc5 43. h4 Qe5 44. Rd1 Rxd1+ 45. Kxd1 h5 46. gxh5 Qxf5
47. h6 Qh5+ 48. Kc1 Qxh4 49. hxg7+ Kxg7 50. Qa7+ Kg6 51. Kd1 Qh1+ 52. Kd2 Qg2+
53. Kd1 f5 54. Qb6+ Kh5 55. Qd4 Kg4 56. Qxb4 f4 57. Qd4 Qf1+ 58. Kd2 e3+ 59.
Kc3 Qa1+ 0-1

[Event "Young Stars of the World 2012"]
[Site "Kirishi RUS"]
[Date "2012.05.23"]
[Round "11.5"]
[White "Belous, Vladimir"]
[Black "Chigaev, Maksim"]
[Result "1/2-1/2"]
[WhiteElo "2518"]
[BlackElo "2438"]
[PlyCount "52"]
[EventDate "2012.05.12"]
[EventType "tourn"]
[EventRounds "11"]
[EventCountry "RUS"]
[EventCategory "6"]
[Source "lmi"]
[SourceDate "2012.05.12"]

1. d4 Nf6 2. c4 g6 3. Nc3 Bg7 4. e4 d6 5. f3 O-O 6. Be3 Nc6 7. Nge2 a6 8. Qd2
Rb8 9. Nc1 e5 10. d5 Nd4 11. N1e2 c5 12. dxc6 bxc6 13. Nxd4 exd4 14. Bxd4 Re8
15. Rd1 d5 16. cxd5 cxd5 17. e5 Nd7 18. f4 f6 19. Ba7 Rb7 20. Be3 fxe5 21.
Qxd5+ Kh8 22. Bxa6 Rxb2 23. Bxc8 Qxc8 24. Qxd7 Qxd7 25. Rxd7 exf4 26. Nd1 Rxa2
1/2-1/2

[Event "Young Stars of the World 2012"]
[Site "Kirishi RUS"]
[Date "2012.05.23"]
[Round "11.6"]
[White "Boruchovsky, Avital"]
[Black "Izzat, Kanan"]
[Result "1/2-1/2"]
[WhiteElo "2434"]
[BlackElo "2341"]
[PlyCount "100"]
[EventDate "2012.05.12"]
[EventType "tourn"]
[EventRounds "11"]
[EventCountry "RUS"]
[EventCategory "6"]
[Source "lmi"]
[SourceDate "2012.05.12"]

1. e4 c5 2. c3 Nf6 3. e5 Nd5 4. d4 cxd4 5. cxd4 Nc6 6. Nf3 d6 7. Bc4 dxe5 8.
Bxd5 Qxd5 9. Nc3 Qa5 10. d5 Nb4 11. Nxe5 g6 12. a3 Bf5 13. O-O Rd8 14. Qb3 Nxd5
15. Rd1 Be6 16. Qxb7 Qb6 17. Qc6+ Qxc6 18. Nxc6 Rd6 19. Nxd5 Rxd5 20. Bd2 Bg7
21. Bc3 Bxc3 22. bxc3 Kd7 23. Nxa7 Kc7 24. Rxd5 Bxd5 25. Nb5+ Kb6 26. Rb1 Kc5
27. a4 Bc6 28. f3 Rd8 29. Rb2 e5 30. Kf2 f5 31. Ke2 Ra8 32. Na3 Rxa4 33. Nc2
Bb5+ 34. Kd2 Ra7 35. Ke1 f4 36. Kf2 g5 37. g3 h5 38. gxf4 gxf4 39. Nb4 Ra3 40.
Nd5 Bc4 41. Nf6 Bd3 42. Nxh5 Rxc3 43. Nf6 Kd4 44. h4 Rc6 45. Ng4 Rc2+ 46. Rxc2
Bxc2 47. h5 e4 48. h6 exf3 49. Kxf3 Kd5 50. Kxf4 Ke6 1/2-1/2